000 00548nam a2200205Ia 4500
005 20250508165337.0
008 008 250505s9999 xx 000 0 hin d
020 _a81-8143-294-0
037 _aTextual
040 _aFEDL
_beng
_cFEDL
041 _ahin
_2hin
084 _a891.433, NAS
_qFEDL
100 _aNasreen Taslima
_9419843
245 0 _aAurat ke haq mein
260 _aNew Delhi, India
_bVani Prakashan
_c2008
300 _a192p.
365 _aINR
_b250
942 _cTEXL
_h891.433, NAS
999 _c1394581
_d1394581